000 00439nam a2200157Ia 4500
999 _c19439
_d19439
003 OSt
005 20200618141424.0
008 190216s9999||||xx |||||||||||||| ||und||
040 _coclc
082 _a954
_bNAQ/I
100 _aNaqvi, S H
_93057
245 0 _aIndian History /
_cS H Naqvi
260 _bPitambhar Publishing Company,
_c1978.
_aNew Delhi:
300 _a313p
942 _cBK
_2ddc
_h954
_iNAQ/I
_k954
_mNAQ/I